| 000 | 00000nam##2200000za#4500 |
| 001 | 9.607028 |
| 003 | CaOODSP |
| 005 | 20210624212925 |
| 007 | cr ||||||||||| |
| 008 | 150406|1987||||xxc|||||o f|0| 0 fre|d |
| 022 | |a1488-545X |
| 040 | |aCaOODSP|bfre |
| 043 | |an-cn--- |
| 086 | 1 |aFs97-6/1506F-PDF |
| 110 | 1 |aCanada. |bMinistère des pêches et des océans. |
| 245 | 10|aÉchouages de mammifères marins sur les côtes du Québec dans l'estuaire et le golfe du Saint-Laurent de 1982 à 1985 / |h[ressource électronique]|c[par] P. Béland
[et al.] |
| 260 | |aRimouski - Québec : |bPêches et Océans Canada |c1987. |
| 300 | |a50|bfigures, références |
| 490 | 1 |aRapport technique canadien des sciences halieutiques et aquatiques|x1488-545X|vN° 1506 |
| 500 | |aSur la p. de t. : Centre de recherche en écologie des pêches, Rimouski (Québec). |
| 546 | |a(Abstract in English). |
| 590 | |a14-10-Supp|b2014-05-08 |
| 720 | 1 |aBéland, P. |
| 830 | #0|aRapport technique canadien des sciences halieutiques et aquatiques,|x1488-545X|vN° 1506|w(CaOODSP)9.500867 |
| 856 | 40|ahttp://publications.gc.ca|qPDF|s1647 Ko|uhttps://publications.gc.ca/collections/collection_2014/mpo-dfo/Fs97-6-1506-fr.pdf|yN° 1506 |